پابہ جولان : (Record no. 106915)

MARC details
000 -LEADER
fixed length control field 00757nam a22002537a 4500
005 - DATE AND TIME OF LATEST TRANSACTION
control field 20170123162319.0
010 ## - LIBRARY OF CONGRESS CONTROL NUMBER
LC control number 682258
020 ## - INTERNATIONAL STANDARD BOOK NUMBER
Terms of availability 00.00
035 ## - SYSTEM CONTROL NUMBER
System control number 682258
037 ## - SOURCE OF ACQUISITION
Source of stock number/acquisition Cen Lib/Ret
040 ## - CATALOGING SOURCE
Original cataloging agency DPL
Language of cataloging UR
082 ## - DEWEY DECIMAL CLASSIFICATION NUMBER
Classification number ن
Item number م ه د
100 ## - MAIN ENTRY--PERSONAL NAME
Personal name مہندی، صغرا
9 (RLIN) 116013
245 ## - TITLE STATEMENT
Title پابہ جولان :
Statement of responsibility, etc صغرا مہندی
Remainder of title ناول /
246 ## - VARYING FORM OF TITLE
Title proper/short title Paba jwalan : novel /
Remainder of title by Saghra Mehnadi
260 ## - PUBLICATION, DISTRIBUTION, ETC. (IMPRINT)
Place of publication, distribution, etc نیی دہلی
Name of publisher, distributor, etc ناولستان
270 ## - ADDRESS
City نیی دہلی
Address جامہ نگر
Postal code 110025
300 ## - PHYSICAL DESCRIPTION
Extent 213p.
Dimensions 19cm(Hb)
650 ## - SUBJECT ADDED ENTRY--TOPICAL TERM
Topical term or geographic name as entry element اردو ادب
9 (RLIN) 116014
650 ## - SUBJECT ADDED ENTRY--TOPICAL TERM
Topical term or geographic name as entry element اردوناول
9 (RLIN) 592
650 ## - SUBJECT ADDED ENTRY--TOPICAL TERM
Topical term or geographic name as entry element Urdu literature
9 (RLIN) 116015
650 ## - SUBJECT ADDED ENTRY--TOPICAL TERM
Topical term or geographic name as entry element Urdu novel
9 (RLIN) 116016
942 ## - ADDED ENTRY ELEMENTS (KOHA)
Source of classification or shelving scheme Dewey Decimal Classification
Koha item type Urdu Bks
Classification part ن
Call number suffix م ه د
Holdings
Withdrawn status Lost status Damaged status Not for loan Home library Current library Date acquired Source of acquisition Cost, normal purchase price Total Checkouts Full call number Barcode Date last seen Date checked out Copy number Cost, replacement price Price effective from Koha item type
        Central Library Central Library 31/12/2015 Cen Lib/Ret 0.00 2 ن م ه د 682258 14/10/2017 06/10/2017 1 0.00 31/12/2015 Urdu Bks

© Delhi Public Library
Hit Counter
free hit counter